| 000 | 00513nam a2200169Ia 4500 | ||
|---|---|---|---|
| 999 |
_c35258 _d35258 |
||
| 003 | OSt | ||
| 005 | 20200928115737.0 | ||
| 008 | 190216s9999||||xx |||||||||||||| ||und|| | ||
| 040 | _coclc | ||
| 082 |
_a580.12 _bLAW/T |
||
| 100 |
_aLawrence, George H M _95062 |
||
| 245 | 0 |
_aTaxonomy Of Vascular Plants / _cGeorge H M Lawrence |
|
| 260 |
_bOxford And Ibh Publishing Co. Pvt Ltd, _c1964. _aKolkata: |
||
| 300 | _a823p | ||
| 650 | _aBotany | ||
| 942 |
_cREF _2ddc _h580.12 _iLAW/T _k580.12 _mLAW/T |
||